| 000 | 01444nam a2200385 c 4500 | ||
|---|---|---|---|
| 999 |
_c89184 _d89184 |
||
| 003 | BLK | ||
| 005 | 20241105152151.0 | ||
| 008 | 180408b bul|||||r ||||||| ||bul|| | ||
| 010 | _aKNG00093879000 | ||
| 020 | _a978-954-09-0425-2 | ||
| 040 | _aBLK | ||
| 041 |
_aBUL _cBUL |
||
| 072 | 7 |
_2bullib _aК _xКраезнание |
|
| 072 | 7 |
_2bullib _aРА _xРусенски автори |
|
| 080 |
_aБългарска литература _b821.163.2 _x-1(081.2) _z821.163.2-1(081.2) |
||
| 100 |
_aКоларова, Анита Димитрова _d1940-2023 _gАвторка на поезия. Учител и библиотекар _9258004 |
||
| 139 |
_aКоларова, Анита Димитрова _bК 77 |
||
| 245 | 1 | 0 |
_aДъждът не може тайно да вали _bИзбрани стихотворения _cАнита Димитрова Коларова. |
| 257 | _aBGR | ||
| 260 |
_bЗахарий Стоянов _c2009 _fЯмбол : Светлина |
||
| 300 |
_a144 с. _c20 см |
||
| 380 | _aX | ||
| 490 | 1 | _aСъвременна българска поезия | |
| 500 | _aОфс. изд. | ||
| 653 | _aстихотворения | ||
| 659 | _aК | ||
| 852 | _aЦб 246814 | ||
| 852 | _aК 821.163.2/К 77 | ||
| 856 | 4 | _qpdf | |
| 856 | 4 | _qpdf | |
| 942 |
_cKNG _n0 _05 _s1 |
||
| 944 |
_aCR _c27.01.2010 _lВиолета Тройчева _k30552 |
||
| 944 |
_aED _c17.10.2011 _lф / |
||
| 999 | _d89184 | ||